[Event "8th Valle d'Aosta Open"]
[Site "Saint Vincent ITA"]
[Date "2000.02.13"]
[Round "2"]
[White "Efimov,I"]
[Black "Friedrich,N"]
[Result "1-0"]
[WhiteElo "2537"]
[BlackElo "2241"]

1.d4 d5 2.Nf3 Nf6 3.c4 c6 4.Nc3 a6 5.c5 g6 6.Bf4 Bg7 7.e3 Nbd7 8.Be2 O-O
9.Ne5 Nxe5 10.Bxe5 Nd7 11.Bxg7 Kxg7 12.f4 e5 13.fxe5 f6 14.e6 Nb8 15.e4 Bxe6
16.O-O dxe4 17.Nxe4 Nd7 18.Nd6 Qc7 19.Re1 Nb6 20.Bxa6 Rxa6 21.Rxe6 Nd5 22.Ne8+  1-0

[Event "Petroff Mem Open"]
[Site "St Petersburg RUS"]
[Date "2000.02.16"]
[Round "9"]
[White "Lugovoi,A"]
[Black "Ragozin,E"]
[Result "1-0"]
[WhiteElo "2515"]
[BlackElo "2475"]

1.d4 d5 2.c4 c6 3.Nf3 Nf6 4.Nc3 a6 5.a4 Bf5 6.Qb3 Ra7 7.Bf4 dxc4 8.Qxc4 e6
9.g3 b5 10.Qb3 b4 11.Bg2 Nbd7 12.Nb1 c5 13.Nbd2 Be7 14.Nc4 O-O 15.Nfe5 Nb8
16.dxc5 Ne4 17.c6 Bc5 18.O-O h6 19.Nd3 Qd5 20.Bxe4 Qxe4 21.Nxc5 Qxe2 22.Rfe1 Qh5
23.Bxb8 Rxb8 24.Ne5  1-0

[Event "Petroff Mem Open"]
[Site "St Petersburg RUS"]
[Date "2000.02.16"]
[Round "9"]
[White "Selin,O"]
[Black "Akimov,I"]
[Result "1-0"]
[WhiteElo "2327"]
[BlackElo "2272"]

1.d4 d5 2.Nf3 Nf6 3.c4 c6 4.Nc3 a6 5.c5 Bf5 6.Bf4 h6 7.e3 Nbd7 8.Be2 e6 9.O-O g5
10.Bg3 Nh5 11.Be5 Nxe5 12.Nxe5 Nf6 13.b4 Bg7 14.a4 O-O 15.Bd3 Ne4 16.Bxe4 Bxe4
17.Nxe4 dxe4 18.Nc4 f5 19.Nd6 Qd7 20.Qb3 Kh7 21.b5 Rfb8 22.Nc4 Qf7 23.Rab1 axb5
24.axb5 cxb5 25.Nd6 Qg6 26.Qxb5 Bf8 27.Qd7+ Kg8 28.Rxb7 Bxd6 29.Rxb8+ Bxb8
30.Qc8+ Kg7 31.Qb7+ Bc7 32.Qxa8 Qh5 33.g3  1-0

[Event "16th open"]
[Site "Cappelle La Grande FRA"]
[Date "2000.02.19"]
[Round "1"]
[White "Malakhatko,V"]
[Black "Perez,Rod"]
[Result "1/2-1/2"]
[WhiteElo "2568"]
[BlackElo "2472"]

1.Nf3 d5 2.d4 Nf6 3.c4 c6 4.Nc3 a6 5.Ne5 Nbd7 6.Nxd7 Bxd7 7.cxd5 cxd5 8.Bf4 e6
9.Qb3 Bc6 10.e3 Bd6 11.Bg3 O-O 12.Bd3 Rc8 13.O-O Bxg3 14.hxg3 Qd6 15.Rfc1 Rc7
16.a4 Rfc8 17.a5 g6 18.Rc2 h5 19.Rac1 Kg7 20.Ne2 Be8 21.Rc3 Nd7 22.e4 dxe4
23.Bxe4 Nf6 24.Bxb7 Rxc3 25.Rxc3 Rb8 26.Rc8 Bc6 27.Qa3 Qxa3 28.bxa3 Rxb7
29.Rxc6 Rb5 30.Rc5 Rb1+ 31.Rc1 Rb5 32.Rc5 Rb1+ 33.Rc1  1/2-1/2

[Event "8th Valle d'Aosta Open"]
[Site "Saint Vincent ITA"]
[Date "2000.02.19"]
[Round "8"]
[White "Efimov,I"]
[Black "Stefanova,A"]
[Result "0-1"]
[WhiteElo "2537"]
[BlackElo "2495"]

1.d4 d5 2.c4 c6 3.Nc3 Nf6 4.Nf3 a6 5.a4 Bf5 6.Qb3 Ra7 7.a5 dxc4 8.Qxc4 e6
9.g3 Nd5 10.Bg2 Bb4 11.Bg5 f6 12.Bd2 Bxa5 13.Nh4 Bxc3 14.bxc3 Bg6 15.e4 Nc7
16.Nxg6 hxg6 17.h4 Qe7 18.Qb3 Nd7 19.c4 e5 20.dxe5 fxe5 21.Be3 c5 22.Bh3 Ne6
23.Rd1 Nd4 24.Bxd7+ Qxd7 25.Qb6 Ra8 26.Bxd4 cxd4 27.Qxg6+ Qf7 28.Qg5 O-O
29.O-O Rae8 30.Rb1 Qc7 31.c5 Qc6 32.Rfe1 Rf7 33.Qc1 Rc8 34.Qg5 Re8 35.Qc1 Qf6
36.Qd2 Rc8 37.Rec1 Qf3 38.Qa2 Kh7 39.Re1 Rxc5 40.Rb6 d3 41.Rb2 Rfc7 42.Rf1 Rc1  0-1

[Event "NED-chT"]
[Site "Hengelo NED"]
[Date "2000.02.27"]
[Round "4"]
[White "Roobol,M"]
[Black "Deegens,V"]
[Result "1-0"]
[WhiteElo "2246"]
[BlackElo "2313"]

1.d4 d5 2.c4 c6 3.Nc3 Nf6 4.Nf3 a6 5.cxd5 cxd5 6.Bf4 Nc6 7.e3 Bg4 8.Be2 e6
9.Rc1 Be7 10.O-O O-O 11.h3 Bh5 12.Ne5 Bxe2 13.Nxc6 bxc6 14.Qxe2 c5 15.dxc5 Bxc5
16.Na4 Bd6 17.Bxd6 Qxd6 18.Rc2 e5 19.Rfc1 d4 20.exd4 exd4 21.Qd3 Rfd8 22.Rc4 Qf4
23.g3 Qh6 24.Kg2 Qg5 25.Rd1 Qd5+ 26.Kh2 Qh5 27.Rxd4 Re8 28.Rd2 h6 29.Nb6 Rab8
30.Nd7 Nxd7 31.Rxd7 Qe5 32.Qd5 Qxd5 33.R7xd5 Kh7 34.Kg2 Re6 35.b3 Rbb6 36.Rd7 Rf6
37.R7d3 Rfe6 38.Rd4 Kg6 39.Kf3 Kh7 40.Rf4 Kg6 41.Rd7 Rf6 42.Rxf6+ Kxf6 43.Ke4 Ke6
44.Rd4 f5+ 45.Kd3 Rc6 46.Rd8 Rc1 47.Ra8 Rc6 48.b4 g5 49.a4 Rd6+ 50.Kc4 Rc6+
51.Kd4 Rd6+ 52.Kc5 Rd5+ 53.Kc4 Rd6 54.Re8+ Kd7 55.Re5 Rf6 56.b5 axb5+ 57.axb5 Kd6
58.Rd5+ Kc7 59.f4 gxf4 60.gxf4 h5 61.Rc5+ Kb6 62.Rc6+ Rxc6+ 63.bxc6 Kxc6
64.Kd4 Kd6 65.h4  1-0

[Event "Caissa Open"]
[Site "Kharkov UKR"]
[Date "2000.02.29"]
[Round "5"]
[White "Khodotov,J"]
[Black "Grin,D"]
[Result "0-1"]
[WhiteElo "2364"]
[BlackElo "2282"]

1.d4 d5 2.Nf3 Nf6 3.c4 c6 4.Nc3 a6 5.c5 g6 6.Bf4 Bg7 7.e3 Nh5 8.Qb3 Nd7 9.Bd3 O-O
10.O-O Nxf4 11.exf4 Qc7 12.g3 Re8 13.Rfe1 Nf8 14.Bf1 Bg4 15.Ne5 Be6 16.Na4 f6
17.Nf3 Bf7 18.Nb6 Rad8 19.Qc3 Be6 20.h3 Bf5 21.Re3 Be6 22.Rae1 Bf7 23.b4 e6
24.h4 Re7 25.Bh3 Rde8 26.R1e2 Kh8 27.Qe1 Kg8 28.a4 Kh8 29.b5 axb5 30.axb5 Kg8
31.bxc6 bxc6 32.Ra3 e5 33.fxe5 fxe5 34.dxe5 Be6 35.Bxe6+ Nxe6 36.Qb4 Rf7
37.Rb3 Rf5 38.Na4 Ref8 39.Ne1 Bxe5 40.Rbe3 Bd4 41.Nd3 Bxe3 42.Rxe3 Rf3 43.Qe1 Rxe3
44.Qxe3 Ng7 45.Nb6 Re8 46.Qd4 Ne6 47.Qa4 Nxc5 48.Nxc5 Qxb6 49.Nd7 Qb1+ 50.Kh2 Qf5
51.Qa7 Qf7 52.Kg2 Rd8  0-1

[Event "Caissa Open"]
[Site "Kharkov UKR"]
[Date "2000.03.01"]
[Round "8"]
[White "Gasanov,E"]
[Black "Grin,D"]
[Result "1-0"]
[WhiteElo "2400"]
[BlackElo "2282"]

1.d4 d5 2.c4 c6 3.Nc3 Nf6 4.Nf3 a6 5.a4 g6 6.Bf4 Bg7 7.e3 O-O 8.h3 c5 9.dxc5 Qa5
10.Qd2 dxc4 11.Bxc4 Qxc5 12.Qe2 Nc6 13.O-O e5 14.Bh2 Bf5 15.Rad1 Rad8 16.e4 Be6
17.Bxe6 fxe6 18.Qe3 Qa5 19.Qg5 Nd7 20.h4 Nc5 21.h5 gxh5 22.b4 Qxb4 23.Bxe5 Nxe5
24.Rxd8 Qxc3 25.Rxf8+ Kxf8 26.Rc1 Nxf3+ 27.gxf3 Qxf3 28.Rxc5 Qg4+ 29.Qxg4 hxg4
30.a5 Bd4 31.Rc4 e5 32.Kg2 b5 33.Rc6 b4 34.Rxa6 b3 35.Ra8+ Kf7 36.Rb8 b2
37.a6 h5 38.Rxb2 h4 39.a7 h3+ 40.Kg3  1-0

[Event "Oz.com qualifier blitz"]
[Site "Internet ICC"]
[Date "2000.03.05"]
[Round "4"]
[White "Kempinski,R"]
[Black "Martinez,Marce"]
[Result "1-0"]
[WhiteElo "2528"]
[BlackElo "2349"]

1.d4 d5 2.Nf3 c6 3.c4 Nf6 4.Nc3 a6 5.e3 b5 6.b3 Bg4 7.Bd3 e6 8.a4 b4 9.Ne2 Nbd7
10.a5 Bd6 11.Bd2 c5 12.cxd5 exd5 13.Ng3 O-O 14.h3 Be6 15.Nf5 Bxf5 16.Bxf5 c4
17.bxc4 dxc4 18.O-O g6 19.Bc2 Qe7 20.e4 b3 21.Bb1 Bb4 22.Bg5 Qe6 23.d5 Qd6
24.Qd4 Rfc8 25.Ra4 Ne8 26.e5 Qc5 27.e6 fxe6 28.dxe6 Nf8 29.Be4 Qxd4 30.Nxd4 Rab8
31.e7 Nd7 32.Nc6 Rxc6 33.Bxc6 Ndf6 34.Bf4 Bd6 35.Rxc4 b2 36.Rb1 Bxf4 37.Rxf4 Rc8
38.Rc4 Nd6 39.Rc2 Kf7 40.e8=Q+ Nfxe8 41.Bd5+ Kf6 42.Rxc8 Nxc8 43.Rxb2 Ned6
44.Bb7 Ne7 45.Bxa6 Ke5 46.Be2 Nc6 47.a6  1-0

[Event "Oz.com qualifier blitz"]
[Site "Internet ICC"]
[Date "2000.03.05"]
[Round "7"]
[White "Tratar,M"]
[Black "Volkov,S"]
[Result "0-1"]
[WhiteElo "2439"]
[BlackElo "2582"]

1.Nf3 d5 2.d4 Nf6 3.c4 c6 4.Nc3 a6 5.a4 e6 6.Bg5 Nbd7 7.e3 Qa5 8.Nd2 Bb4
9.Qc2 dxc4 10.Bxf6 Nxf6 11.Nxc4 Qg5 12.a5 O-O 13.h4 Qg6 14.Qxg6 hxg6 15.Bd3 Bd7
16.Ke2 Be7 17.Ne4 Rad8 18.Nxf6+ Bxf6 19.Ra3 Rc8 20.Nd6 Rc7 21.Rb3 Bc8 22.Ne4 Be7
23.f4 Rd8 24.g3 Rd5 25.Ra1 Kf8 26.Bc4 Rd8 27.Nc5 Rd6 28.Ra4 Rd8 29.Rab4 Re8
30.Rb6 Bxc5 31.dxc5 e5 32.Rd3 Rce7 33.Rbb3 Bf5 34.Rd6 exf4 35.gxf4 Re4 36.Bd3 Rxe3+
37.Kf2 Bxd3 38.Rdxd3 Rxd3 39.Rxd3 Re4 40.Rb3 Rxf4+ 41.Kg3 Ra4 42.Rxb7 Rxa5
43.b4 Rb5 44.Rb6 Ke7 45.Rxc6 Rxb4 46.Rxa6 Rc4 47.c6 f5 48.c7 Kf7 49.Ra7 Kf6
50.Ra6+ Ke5 51.Rxg6 Rc3+ 52.Kg2 Rxc7 53.h5 Ke4 54.h6 gxh6 55.Rxh6 Rc2+ 56.Kf1 Rc3
57.Rh8 f4 58.Kf2 Rc2+ 59.Kf1 Ke3 60.Ra8 Rc1+ 61.Kg2 f3+  0-1

[Event "Open"]
[Site "Bad Wildbad GER"]
[Date "2000.04.03"]
[Round "4"]
[White "Henrichs,T"]
[Black "Macek,V"]
[Result "1-0"]
[WhiteElo "2428"]
[BlackElo "2244"]

1.d4 d5 2.c4 c6 3.Nf3 Nf6 4.Nc3 a6 5.c5 g6 6.h3 Bg7 7.Bf4 O-O 8.e3 Nbd7 9.Be2 Ne8
10.O-O Nc7 11.b4 Re8 12.Bh2 f5 13.Qb3 e5 14.Rfd1 e4 15.Nd2 Ne6 16.Rab1 Qg5
17.Nxd5 cxd5 18.Qxd5 Nf6 19.Qb3 Kh8 20.d5 f4 21.Bc4 fxe3 22.Qxe3 Qxe3 23.fxe3 Nd8
24.Bb3 a5 25.Nc4 a4 26.Bc2 Bd7 27.b5 Rc8 28.c6 bxc6 29.dxc6 Nxc6 30.Nd6 Ne7
31.Nxe8 Bxe8 32.b6 Rxc2 33.b7 Nc6 34.Rdc1  1-0

[Event "Open"]
[Site "Bad Wildbad GER"]
[Date "2000.04.05"]
[Round "7"]
[White "Kekelidze,M"]
[Black "Luther,T"]
[Result "1/2-1/2"]
[WhiteElo "2461"]
[BlackElo "2509"]

1.d4 d5 2.Nf3 Nf6 3.c4 c6 4.Nc3 a6 5.c5 g6 6.Bf4 Bg7 7.e3 O-O 8.h3 Nbd7 9.Bd3 b6
10.cxb6 Qxb6 11.Qd2 c5 12.Na4 Qa7 13.Qa5 cxd4 14.exd4 Nh5 15.Be3 Rb8 16.O-O Nb6
17.Nxb6 Rxb6 18.b3 Rf6 19.Qxd5 Nf4 20.Bxf4 Rxf4 21.Rad1 Bb7 22.Qc5 Qa8 23.Qg5 Qb8
24.Be2 Bf6 25.Qa5 Bxf3 26.Bxf3 Bxd4 27.Qxa6 e5 28.Qb7 Qd6 29.Qc6 Qe7 30.a4 Rb8
31.Rd3 Kg7 32.Rd2  1/2-1/2

[Event "Estonian Club Cup 2nd leg"]
[Site "Tallinn EST"]
[Date "2000.04.07"]
[Round "?"]
[White "Narva,J"]
[Black "Maidla,V"]
[Result "0-1"]
[WhiteElo "2323"]
[BlackElo "2377"]

1.Nf3 d5 2.d4 Nf6 3.c4 c6 4.Nc3 a6 5.cxd5 cxd5 6.g3 e6 7.Bg2 b5 8.O-O Bb7
9.Bg5 Be7 10.a4 b4 11.Bxf6 Bxf6 12.Na2 a5 13.Nc1 Nd7 14.Nd3 Qb8 15.e3 O-O
16.Qd2 Rc8 17.Rfc1 Ba6 18.Bf1 Bc4 19.Qd1 Be7 20.Nde5 Nxe5 21.Nxe5 Bxf1 22.Qxf1 Bd6
23.Nd7 Qa7 24.Qb5 Rc7 25.Rxc7 Qxc7 26.Nc5 h5 27.Rc1 Rb8 28.Qe2 g6 29.Nb3 Qa7
30.e4 dxe4 31.Qxe4 Rd8 32.f4 Bf8 33.Kf2 Rd5 34.Qc2 Rd7 35.Ke3 e5 36.fxe5 Bh6+
37.Kd3 Bxc1 38.Qxc1 Qb7 39.Nc5 Qf3+ 40.Qe3  0-1

[Event "New York Open"]
[Site "New York USA"]
[Date "2000.05.11"]
[Round "9"]
[White "Bonin,J"]
[Black "Koenig,Da"]
[Result "1-0"]
[WhiteElo "2419"]
[BlackElo "2236"]

1.d4 d5 2.c4 c6 3.Nf3 Nf6 4.Nc3 a6 5.e3 b5 6.cxd5 cxd5 7.Bd3 Bg4 8.h3 Bxf3
9.Qxf3 e6 10.Bd2 Nbd7 11.a4 b4 12.Na2 a5 13.Nc1 Bd6 14.Nb3 O-O 15.O-O Qe7
16.Rfc1 e5 17.Bb5 Ne4 18.Bc6 Nb6 19.Bxa8 Rxa8 20.Rc6 Qb7 21.Rac1 exd4 22.exd4 Nxa4
23.Nxa5 Qd7 24.Bf4 Rxa5 25.Bxd6 Nac3 26.Rc7  1-0

[Event "It"]
[Site "Sisak CRO"]
[Date "2000.05.18"]
[Round "3"]
[White "Balenovic,Z"]
[Black "Fuksik,J"]
[Result "1/2-1/2"]
[WhiteElo "2254"]
[BlackElo "2275"]

1.d4 d5 2.c4 c6 3.Nf3 Nf6 4.Nc3 a6 5.e3 b5 6.b3 Bg4 7.Be2 Nbd7 8.O-O e6 9.h3 Bh5
10.Bb2 Bd6 11.Rc1 O-O 12.Ne5 Bxe2 13.Nxe2 Rc8 14.cxd5 cxd5 15.Rxc8 Qxc8 16.Qc1 Qb7
17.Qb1 Rc8 18.Rc1 Rc7 19.Nf4 Qc8 20.Nfd3 Nb6 21.Rxc7  1/2-1/2

[Event "Leonid Stein Mem B"]
[Site "Lviv UKR"]
[Date "2000.05.21"]
[Round "9"]
[White "Maksimenko,A"]
[Black "Atalik,S"]
[Result "1/2-1/2"]
[WhiteElo "2495"]
[BlackElo "2575"]

1.d4 d5 2.c4 c6 3.Nc3 Nf6 4.Nf3 a6 5.Ne5 e6 6.cxd5 cxd5 7.Bf4 Nh5 8.Bd2 Nf6
9.e3 Nfd7 10.f4 Nxe5 11.fxe5 g6 12.Bd3 Bg7 13.O-O  1/2-1/2

[Event "Honra"]
[Site "Santo Antonio POR"]
[Date "2000.05.24"]
[Round "4"]
[White "Gomes,Jo"]
[Black "Prata,J"]
[Result "0-1"]
[WhiteElo "2128"]
[BlackElo "2064"]

1.d4 d5 2.Nf3 Nf6 3.c4 c6 4.Nc3 a6 5.e3 b5 6.cxd5 cxd5 7.Bd3 Bg4 8.O-O e6
9.h3 Bh5 10.g4 Bg6 11.Ne5 Be7 12.f4 b4 13.Ne2 Bxd3 14.Nxd3 Nc6 15.Qa4 Qb6
16.Ne5 Rc8 17.Bd2 O-O 18.Ng3 Nxd4 19.g5 Ne4 20.Nxe4 dxe4 21.Nd7 Qa7 22.Nxf8 Bxf8
23.Rad1 Nf3+ 24.Rxf3 exf3 25.Kf2 Qb7 26.Be1 Bc5 27.Qd7 Qb8 28.h4 Bb6 29.Qd6 Qa7
30.Bxb4 Bxe3+ 31.Kf1 Bb6 32.h5 a5 33.Bc3 Qa6+ 34.Qd3 Qb7 35.Qd7 Qa6+ 36.Qd3 Qa8
37.g6 Rd8 38.gxh7+ Kh8 39.Bxg7+ Kxg7 40.Qc3+ f6 41.Rxd8 Bxd8 42.Qd3 Be7 43.Qg6+ Kh8
44.Kf2 Bc5+ 45.Kg3 Bd4 46.h6 f5 47.Qxe6 f2 48.Qc4 Qd8 49.Kg2 Kxh7 50.Qf7+ Kxh6
51.Kf1 Qd6 52.Qb7 Qxf4  0-1

[Event "Guillermo Garcia Premier I"]
[Site "Santa Clara CUB"]
[Date "2000.05.26"]
[Round "3"]
[White "Bellon Lopez,JM"]
[Black "Borges Mateos,J"]
[Result "0-1"]
[WhiteElo "2446"]
[BlackElo "2435"]

1.d4 d5 2.c4 c6 3.Nf3 Nf6 4.Nc3 a6 5.cxd5 cxd5 6.Bg5 Ne4 7.Bh4 Nc6 8.e3 Bf5
9.Rc1 Rc8 10.a3 Qb6 11.Nxe4 Bxe4 12.b4 e6 13.Ne5 Be7 14.Bxe7 Kxe7 15.Nxc6+ Rxc6
16.Rc5 Rhc8 17.Qa4 Qc7 18.f3 Bg6 19.Kf2 b6 20.Rxc6 Qxc6 21.Qxc6 Rxc6 22.Bxa6 Rc2+
23.Kg3 Ra2 24.b5 Rxa3 25.Rc1 Rxe3 26.Rc6 Rb3 27.Rxb6 Bd3 28.h4 Rb2 29.Rc6 Kf6
30.Rc7 h6 31.Kh2 Rb4 32.Kg3 Rb2 33.Kh2 Rb4 34.Kg3 Rxd4 35.Rc3 Bc4 36.Ra3 Rd3
37.b6 Rxa3  0-1

[Event "Bank Pocztowy Open"]
[Site "Bydgoszcz POL"]
[Date "2000.06.02"]
[Round "5"]
[White "Makarov,M"]
[Black "Volkov,S"]
[Result "1-0"]
[WhiteElo "2513"]
[BlackElo "2582"]

1.Nf3 d5 2.d4 Nf6 3.c4 c6 4.Nc3 a6 5.cxd5 cxd5 6.Ne5 e6 7.Bf4 Ne4 8.e3 Nxc3
9.bxc3 Qa5 10.Qb3 f6 11.Nf3 Bd7 12.Bd3 Bc6 13.O-O Nd7 14.Qc2 g6 15.c4 Bg7
16.cxd5 exd5 17.h4 Nf8 18.h5 gxh5 19.Nh4 Ne6 20.Bg3 Ng5 21.Qe2 O-O 22.Qxh5 Bb5
23.Bxh7+ Nxh7 24.Qxd5+ Rf7 25.a4 Rd8 26.Qf5 Ng5 27.axb5 Qxb5 28.Qxb5 axb5
29.f3 f5 30.Rab1 Rd5 31.Ng6 Ne6 32.Rfc1 Kh7 33.Nf4 Nxf4 34.Bxf4 Bf8 35.Kf2 b4
36.Rc7 Kg6 37.Rxf7 Kxf7 38.g4 fxg4 39.fxg4 Ke6 40.Kf3 Rb5 41.e4 Bg7 42.Ke3 b3
43.Kd3 Rb4 44.Be3 b5 45.Rb2 Kd6 46.g5 Ke6 47.Bf2 Bh8 48.e5 Bg7 49.Kc3 Rc4+
50.Kxb3 Kf5 51.Re2 Ke6 52.Rc2 Rxc2 53.Kxc2 Bf8 54.Be1 Kf5 55.Bd2 Ba3 56.Kb3 Be7
57.Bc1 Ke6 58.g6 Bf8 59.Ba3 Bh6 60.Bd6 Kf5  1-0

[Event "Master Open"]
[Site "Lausanne SUI"]
[Date "2000.06.02"]
[Round "5"]
[White "Moiseenko,A"]
[Black "Prie,E"]
[Result "1/2-1/2"]
[WhiteElo "2573"]
[BlackElo "2501"]

1.d4 d5 2.c4 c6 3.Nf3 Nf6 4.Nc3 a6 5.a4 Bf5 6.Qb3 Ra7 7.Bg5 e6 8.Bxf6 gxf6
9.g3 Be4 10.Rd1 Bxf3 11.exf3 f5 12.f4 Bg7 13.Bg2 O-O 14.O-O  1/2-1/2

[Event "Bank Pocztowy Open"]
[Site "Bydgoszcz POL"]
[Date "2000.06.05"]
[Round "8"]
[White "Shishkin,V"]
[Black "Vysochin,S"]
[Result "0-1"]
[WhiteElo "2411"]
[BlackElo "2494"]

1.d4 d5 2.c4 c6 3.Nc3 Nf6 4.Nf3 a6 5.a4 e6 6.Bg5 Nbd7 7.cxd5 exd5 8.e3 Qa5
9.Bd3 Ne4 10.O-O Nxg5 11.Nxg5 Nf6 12.e4 h6 13.Nxf7 Kxf7 14.e5 Ne4 15.Nxe4 dxe4
16.Qh5+ Ke7 17.Bxe4 Be6 18.f4 Kd8 19.f5 Bd5 20.f6 gxf6 21.exf6 Kc7 22.Rf5 Rd8
23.Rd1 Bb4 24.f7 Kb8 25.h3 Qxa4 26.Bxd5 cxd5 27.Rdf1 Qb3 28.Qe2 Rhf8 29.Rf6 h5
30.Rc1 Bd6 31.Rc3 Qa4 32.Rd3 Bc7 33.Qxh5 Qa1+ 34.Rd1 Qxb2 35.Qf3 Rd7 36.h4 Qc2
37.Rf1 Qe4 38.Qf2 Rd6 39.Rf4 Qh7 40.Rf5 Rh6 41.g3 Rg6 42.Rg5 Rxg5 43.hxg5 Qh5
44.Qf5 Bxg3 45.Kg2 Bd6 46.g6 Qh2+ 47.Kf3 Rh8 48.Rf2 Qg3+ 49.Ke2 Ka7 50.Qf6 Rc8
51.Qf5 Rc3 52.Kf1 Rc1+ 53.Ke2 Bb4 54.Qf3 Re1+  0-1

[Event "Ordix Open"]
[Site "Frankfurt GER"]
[Date "2000.06.16"]
[Round "2"]
[White "Van Wely,L"]
[Black "Fischdick,G"]
[Result "0-1"]
[WhiteElo "2646"]
[BlackElo "2233"]

1.d4 d5 2.c4 c6 3.Nc3 Nf6 4.Nf3 a6 5.c5 Bf5 6.Bf4 Nbd7 7.e3 e6 8.h3 b5 9.g4 Bg6
10.Nh4 Be4 11.f3 Bg6 12.Bg3 Be7 13.Ng2 O-O 14.Nf4 e5 15.Nxg6 hxg6 16.h4 exd4
17.exd4 Re8 18.Kf2 Nxc5 19.dxc5 Bxc5+ 20.Kg2 d4 21.Ne2 Nd5 22.Bf2 d3 23.Nc3 Bxf2
24.Nxd5 Re1 25.Nc3 Rxd1 26.Rxd1 Bb6 27.Rxd3 Qf6 28.h5 Re8 29.hxg6 fxg6 30.Rd2 Qf4
31.Rc2 Bc7 32.Ne2 Qd6 33.Kg1 c5 34.Kf2 c4 35.Ke1 Qd3  0-1

[Event "TCh-POR"]
[Site "Aveiro POR"]
[Date "2000.06.23"]
[Round "7"]
[White "Strikovic,A"]
[Black "Mitkov,N"]
[Result "1/2-1/2"]
[WhiteElo "2515"]
[BlackElo "2547"]

1.d4 d5 2.c4 c6 3.Nf3 Nf6 4.Nc3 a6 5.a4 Nbd7 6.e3 e6 7.Bd3 Bb4 8.O-O O-O
9.Bd2 Qe7 10.Qc2 dxc4 11.Bxc4 c5 12.Ne5 Rd8 13.a5 cxd4 14.exd4 Nxe5 15.dxe5 Qc7
16.exf6 Qxc4 17.fxg7 Bd7 18.Bg5 Rdc8 19.Qd2 Bc6 20.f4 Qc5+ 21.Kh1 Bxa5 22.Bf6 Qh5  1/2-1/2

[Event "10th Smith & Williamson YM"]
[Site "Witley ENG"]
[Date "2000.07.15"]
[Round "2"]
[White "Palliser,R"]
[Black "Collins,S"]
[Result "0-1"]
[WhiteElo "2322"]
[BlackElo "2130"]

1.d4 d5 2.c4 c6 3.Nf3 Nf6 4.Nc3 a6 5.e3 b5 6.b3 Bg4 7.Be2 e6 8.Bb2 Nbd7 9.O-O Be7
10.Ne5 Bxe2 11.Nxe2 Nxe5 12.dxe5 Nd7 13.cxd5 cxd5 14.Nf4 O-O 15.Rc1 Qb8 16.Nd3 Rc8
17.Qg4 Ra7 18.Rxc8+ Qxc8 19.Nf4 Qc2 20.Bd4 Rc7 21.h4 Nf8 22.Ra1 Qd2 23.h5 Rc2
24.Rf1 h6 25.Nh3 Rxa2 26.f4 Rc2 27.Kh2 Qd3 28.Rf3 a5 29.Rg3 g6 30.hxg6 fxg6
31.Qh5 Kh7 32.Qf3 Qxb3 33.Ng5+ hxg5 34.fxg5 Kg7 35.Qf4 Qd3 36.Qh4 Qd1  0-1

[Event "2nd ShakkiNet GM"]
[Site "Helsinki FIN"]
[Date "2000.07.18"]
[Round "9"]
[White "Solozhenkin,E"]
[Black "Karttunen,M"]
[Result "1-0"]
[WhiteElo "2528"]
[BlackElo "2313"]

1.d4 d5 2.c4 c6 3.Nf3 Nf6 4.Nc3 a6 5.c5 Nbd7 6.Bf4 Nh5 7.Bg5 h6 8.Bd2 g6
9.e4 dxe4 10.Nxe4 Bg7 11.Bc4 O-O 12.Qc2 Kh8 13.g4 Nhf6 14.g5 Nxe4 15.Qxe4 f5
16.Qe2 e5 17.gxh6 Bf6 18.dxe5 Re8 19.O-O-O Qc7 20.Bc3 Kh7 21.Rd6 b5 22.Bf7 Re7
23.Qd2 Nxe5 24.Nxe5 Bxe5 25.Bxg6+  1-0

[Event "Open"]
[Site "Dieren NED"]
[Date "2000.07.27"]
[Round "9"]
[White "Ernst,S"]
[Black "Bosch,Je"]
[Result "1-0"]
[WhiteElo "2373"]
[BlackElo "2405"]

1.Nf3 d5 2.d4 c6 3.c4 Nf6 4.Nc3 a6 5.cxd5 cxd5 6.Bf4 Nc6 7.Rc1 Bf5 8.e3 Rc8
9.Ne5 Qb6 10.Bd3 Bxd3 11.Nxd3 e6 12.O-O Be7 13.Na4 Qa7 14.Ne5 O-O 15.Nxc6 bxc6
16.Qb3 Nd7 17.Rc3 c5 18.dxc5 e5 19.c6 exf4 20.cxd7 Rxc3 21.Nxc3 fxe3 22.fxe3 Qxe3+
23.Kh1 d4 24.Nd5 Qe6 25.Qc4 Qxd7 26.Qxd4 Qe6 27.Rd1 h6 28.b4 Rc8 29.a4 Bf8
30.b5 axb5 31.axb5 Bc5 32.Qd2 Rd8 33.Nf6+ gxf6 34.Qxd8+ Kg7 35.Qd5 Qe2 36.Qd3  1-0

[Event "MTO Open"]
[Site "Biel SUI"]
[Date "2000.07.28"]
[Round "5"]
[White "Gershon,A"]
[Black "Burmakin,V"]
[Result "0-1"]
[WhiteElo "2502"]
[BlackElo "2538"]

1.d4 c6 2.c4 d5 3.Nc3 Nf6 4.Nf3 a6 5.c5 g6 6.Bf4 Bg7 7.h3 O-O 8.e3 Nbd7 9.Rc1 Ne8
10.Bg3 Nc7 11.b4 Re8 12.Be2 e5 13.Bh4 Bf6 14.Bxf6 Qxf6 15.dxe5 Nxe5 16.O-O Nxf3+
17.Bxf3 Bf5 18.a4 Ne6 19.Bg4 Rad8 20.Bxf5 Qxf5 21.Ne2 d4 22.Nxd4 Nxd4 23.exd4 Re4
24.Rc4 Qf6 25.Qb3 Rdxd4 26.Rxd4 Qxd4 27.Rb1 Qd2 28.Qg3 Qf4 29.Qxf4 Rxf4 30.g3 Rd4
31.h4 a5 32.bxa5 Rxa4 33.Rxb7 Rxa5 34.Rc7 Rxc5 35.Kg2 Kg7 36.Kf3 h5 37.Kg2 Kf6
38.Kh2 Ke6 39.Kg2 Rc3 40.Kf1 Rc2 41.Kg2 Rc3 42.Kf1 f6 43.Kg2 Kf5 44.Rc8 Rc5
45.Kf3 g5 46.hxg5 fxg5 47.g4+ hxg4+ 48.Kg2 Kf4 49.Rc7 g3 50.Rf7+ Rf5 51.fxg3+ Ke4
52.Rc7 c5 53.g4 Rd5  0-1

[Event "Scandic Hotels GM"]
[Site "Stockholm SWE"]
[Date "2000.07.31"]
[Round "3"]
[White "Ivanov,Se"]
[Black "Tella,J"]
[Result "1/2-1/2"]
[WhiteElo "2574"]
[BlackElo "2428"]

1.d4 d5 2.c4 c6 3.Nf3 Nf6 4.Nc3 a6 5.c5 Nbd7 6.Bf4 Nh5 7.e3 Nxf4 8.exf4 g6
9.Bd3 Qc7 10.g3 Bg7 11.O-O O-O 12.Re1 Re8 13.Qc2 Nf8 14.f5 Bxf5 15.Bxf5 gxf5
16.Qxf5 Ng6 17.h4 e5 18.dxe5 Nxe5 19.Nd4 Qc8 20.Qxc8 Raxc8 21.Rad1 Nc4 22.Rxe8+ Rxe8
23.b3 Na3 24.Kf1 Nb5 25.Nce2 Nxd4 26.Nxd4 Bxd4 27.Rxd4 f6 28.Kg2 Kf7 29.Kf3 f5
30.Rf4 Kg6 31.g4 Re5 32.g5 h6 33.gxh6 Kxh6 34.Rb4 Re7 35.Kf4 Re4+ 36.Rxe4 fxe4
37.f3 exf3 38.Kxf3 Kh5 39.Kg3 a5 40.a3 d4 41.b4 axb4 42.axb4 d3 43.Kf3 Kxh4
44.Ke3 Kg4 45.Kxd3 Kf3 46.Kd4 Kf4 47.Kd3  1/2-1/2

[Event "4th Open"]
[Site "Korinthos GRE"]
[Date "2000.08.01"]
[Round "8"]
[White "Vakhidov,T"]
[Black "Drazic,S"]
[Result "1/2-1/2"]
[WhiteElo "2458"]
[BlackElo "2508"]

1.c4 Nf6 2.Nc3 c6 3.Nf3 d5 4.d4 a6 5.a4 e6 6.Bg5 Nbd7 7.a5 h6 8.Bf4 Bb4 9.Qa4 Be7
10.e3 O-O 11.Bd3 dxc4 12.Qxc4 Nd5 13.Nxd5 exd5 14.Qc3 Re8 15.O-O Nf8 16.Bg3 Bg4
17.Ne5 Bh5 18.Bc2 Be2 19.Rfe1 Bb5 20.e4 Bf6 21.exd5 cxd5 22.Qf3 Rc8 23.Bf5 Ra8
24.Bc2 Rc8 25.Bf5 Ra8 26.Bc2  1/2-1/2

[Event "Eikrem mem"]
[Site "Gausdal NOR"]
[Date "2000.08.03"]
[Round "6"]
[White "Bekker Jensen,S"]
[Black "Lobzhanidze,D"]
[Result "0-1"]
[WhiteElo "2388"]
[BlackElo "2493"]

1.d4 d5 2.c4 c6 3.Nf3 Nf6 4.Nc3 a6 5.a4 e6 6.Bg5 Nbd7 7.cxd5 exd5 8.e3 Be7
9.Bd3 a5 10.O-O O-O 11.Qc2 Re8 12.h3 Nf8 13.Rae1 Be6 14.Ne5 N6d7 15.Bxe7 Rxe7
16.f4 f6 17.Nf3 Qb6 18.f5 Bf7 19.g4 Rae8 20.Kf2 h5 21.Rg1 Nh7 22.Nd1 Ng5
23.Nxg5 fxg5 24.gxh5 Bxh5 25.Rxg5 Bxd1 26.Qxd1 Qxb2+ 27.Qc2 Qa3 28.Reg1 c5
29.f6 Nxf6 30.dxc5 Rc8 31.Rc1 Qb4 32.Rg3 Rec7 33.Rcg1 Rf7 34.Rb1 Rxc5 35.Rxb4 Rxc2+
36.Bxc2 axb4 37.Ke2 Rc7 38.Kd2 Rc3 39.Rg1 Kf7 40.Rb1 Rc4 41.Bd3 Ne4+ 42.Bxe4 dxe4
43.Rf1+ Kg6 44.a5 b3 45.Rc1 Rxc1 46.Kxc1 Kg5 47.Kb2 Kh4 48.Kxb3 Kxh3 49.Kb4 g5
50.Kb5 g4 51.Kb6 g3 52.Kxb7 g2 53.a6 g1=Q 54.a7 Qg7+ 55.Kb8 Qxa7+ 56.Kxa7 Kg3  0-1

[Event "4th ch-Arab"]
[Site "Beirut LEB"]
[Date "2000.08.05"]
[Round "1"]
[White "Bintafrit,S"]
[Black "Labib,I"]
[Result "1/2-1/2"]
[WhiteElo "2285"]
[BlackElo "2426"]

1.d4 d5 2.c4 c6 3.Nc3 Nf6 4.Nf3 a6 5.a4 Bf5 6.Qb3 Ra7 7.Bf4 dxc4 8.Qxc4 Nbd7
9.Ng5 Bg6 10.a5 e6 11.h4 Be7 12.g3 h6 13.Nf3 O-O 14.Bg2 Nd5 15.Bd2 Nb4 16.Ne4 b5
17.axb6 Qxb6 18.Ne5 Qxd4 19.Qxd4 Nc2+ 20.Kd1 Nxd4 21.Nxg6 fxg6 22.Bc3 e5
23.Bh3 Nc5 24.Nxc5 Bxc5 25.e3 Nb5 26.Ke2 Nxc3+ 27.bxc3 a5 28.Ra4 Rb7 29.Rxa5 Rb2+
30.Kd3 Bb6 31.Rxe5 Rbxf2 32.Rb1 Rd8+ 33.Kc4 Bc7 34.Re7 Bd6 35.Re6 Bxg3 36.Rxg6 Bxh4
37.Rxc6 Rf3 38.Rh1 Bf6 39.Be6+ Kh7 40.Rh3 Rxh3 41.Bxh3 h5 42.e4 Re8 43.Bf5+ Kh6
44.Kd3 Kg5 45.Ke3 g6 46.Be6 Rf8 47.Rc5+ Kh4 48.e5 Bg7 49.Ke4 Rf1 50.Bd7 Kg3
51.e6 Re1+ 52.Kd5 h4 53.Rc8 h3 54.Bc6 Re3 55.Rg8 h2 56.Kd6 Rd3+ 57.Ke7 Rf3
58.Rxg7 h1=Q 59.Rxg6+ Kf2 60.Bxf3 Kxf3 61.Kf8 Qh8+ 62.Kf7 Qh7+ 63.Kf6 Qh4+
64.Kf7 Qc4 65.Kf8 Qf4+ 66.Kg7 Qe5+ 67.Kf7 Qd5 68.Kf8 Qd8+ 69.Kf7 Qd5 70.Kf8 Qf5+
71.Kg7 Qe5+ 72.Kf7  1/2-1/2

[Event "Valoz Cup"]
[Site "Olomouc CZE"]
[Date "2000.08.05"]
[Round "5"]
[White "Wiley,To"]
[Black "Jirka,J"]
[Result "0-1"]
[WhiteElo "2274"]
[BlackElo "2302"]

1.d4 d5 2.c4 c6 3.Nf3 Nf6 4.Nc3 a6 5.c5 g6 6.Bf4 Nh5 7.Be5 f6 8.Bg3 e5 9.e3 Nxg3
10.hxg3 Bg7 11.Be2 O-O 12.Qb3 Qe7 13.O-O-O Be6 14.Na4 Bf7 15.Rhe1 Qc7 16.Nb6 Ra7
17.Kb1 Nd7 18.Nd2 Qd8 19.Nxd7 Qxd7 20.Qb6 Raa8 21.Bd3 Rae8 22.Nb3 Re7 23.Qb4 Rfe8
24.Rc1 Qg4 25.Rh1 Be6 26.Rh4 Qg5 27.Rch1 Bf5 28.Qc3 h5 29.Qc2 Bxd3 30.Qxd3 exd4
31.Nxd4 f5 32.Qb3 Qf6 33.Rc1 Qf7 34.Rhh1 Bxd4 35.exd4 Re2 36.Rhf1 R8e7 37.Rc2 Qe6
38.Rxe2 Qxe2 39.Qd1 Qxd1+ 40.Rxd1 Re2 41.Rd3  0-1